000 00840cam a22002531 4500
005 20260322212100.0
008 data
010 _a 71157731
040 _aDLC
_cDLC
_dDLC
050 0 0 _aGT4985
_b.B32
082 0 0 _a394.2663
_221
092 _a394.26 B32 1971
100 1 _aBarth, Edna.
245 1 0 _aHolly, reindeer, and colored lights;
_bthe story of the Christmas symbols.
_cEdna Barth & Ursula Arndt.
260 _aNew York,
_bSeabury Press
_c[1971]
300 _a96 p.
_billus. (part col.)
_c27 cm.
350 _a{dollar}4.95
520 _aExamines the origins of Christmas symbols--trees, ornaments, Yule logs, Santa Claus, cards, Christmas colors, and many other holiday observances.
650 0 _aChristmas
_xJuvenile literature.
650 1 _aChristmas.
650 1 _aHolidays.
700 1 _aArndt, Ursula,
_eill.
001 data
999 _c1438
_d1438